[Event "Livingston Allegro op"]
[Site "Livingston"]
[Date "2023.04.02"]
[Round "5"]
[White "Lukhi, Neev"]
[Black "Goede, Jan"]
[Result "1-0"]
[WhiteElo "1529"]
[BlackElo "1603"]
[PlyCount "85"]
[EventDate "2023.04.02"]
[EventType "swiss (rapid)"]
[EventRounds "5"]
[EventCountry "SCO"]
[SourceTitle "CBM 213 Extra"]
[Source "ChessBase"]
[SourceDate "2023.05.31"]
[SourceVersion "1"]
[SourceVersionDate "2023.05.31"]
[SourceQuality "1"]

1. d4 Nf6 2. Bf4 e6 3. e3 c5 4. c3 Nc6 5. Nf3 d5 6. Nbd2 Bd6 7. Bg3 cxd4 8. exd4 0-0 9. Bd3 h6 10. 0-0 Bxg3 11. hxg3 Qb6 12. Qc2 Bd7 13. Rfe1 Rac8 14. Qb1 Na5 15. Ne5 Bb5 16. Bc2 Bc6 17. b4 Nc4 18. Ndxc4 dxc4 19. Nxc4 Qd8 20. Ne5 Bd5 21. Qb2 b5 22. Bb3 Ba8 23. a4 bxa4 24. Rxa4 Qc7 25. Rc1 Qb7 26. f3 Rfd8 27. Rca1 Qe7 28. Rxa7 Nd7 29. Nxd7 Rxd7 30. Rxa8 Rdd8 31. Rxc8 Rxc8 32. Bc2 Qg5 33. Be4 Qxg3 34. Qf2 Qg5 35. c4 g6 36. c5 Kg7 37. b5 Rd8 38. b6 Qf6 39. b7 Rxd4 40. b8Q Rxe4 41. fxe4 Qxa1+ 42. Kh2 Qc1 43. Qfb2+ 1-0